[Event "20. Obert Int. Sant Marti 2018 - B"]
[Site "Barcelona ESP"]
[Date "2018.07.14"]
[Round "2.74"]
[White "Riera Mestres, Josep"]
[Black "Apinyan, Mark"]
[Result "0-1"]
[WhiteElo "1565"]
[BlackElo "1269"]
[PlyCount "90"]
[EventDate "2018.07.13"]
[EventType "swiss"]
[EventRounds "9"]
[EventCountry "ESP"]
[SourceTitle "Ajedrez en Madrid"]
[Source "lmi"]
[SourceDate "2018.07.13"]
[SourceVersion "1"]
[SourceVersionDate "2019.06.21"]
[SourceQuality "1"]

1. d4 d5 2. Bf4 Nf6 3. e3 e6 4. Nf3 Be7 5. h3 Nbd7 6. Bd3 O-O 7. c3 b6 8. O-O
Bb7 9. Bh2 c5 10. Nbd2 Rc8 11. a4 a6 12. Qe2 c4 13. Bc2 b5 14. axb5 axb5 15.
Ra2 Qb6 16. Ne5 Bd6 17. f4 Rfd8 18. g4 Ne4 19. Ndf3 f6 20. Nxd7 Rxd7 21. g5 f5
22. Bxe4 dxe4 23. Ne5 Bxe5 24. fxe5 Bd5 25. h4 b4 26. Bf4 bxc3 27. bxc3 Ra7 28.
Rb2 Qa5 29. Qd2 Rcc7 30. Rfb1 Rab7 31. h5 Rb3 32. Bg3 g6 33. hxg6 hxg6 34. Be1
Rh7 35. Qg2 Rh5 36. Rxb3 cxb3 37. c4 Qa2 38. Qxa2 bxa2 39. Rb8+ Kf7 40. cxd5
a1=Q 41. Rb7+ Ke8 42. Rb8+ Kd7 43. dxe6+ Kxe6 44. Rb6+ Kd7 45. e6+ Kc7 0-1

[Event "20. Obert Int. Sant Marti 2018 - B"]
[Site "Barcelona ESP"]
[Date "2018.07.14"]
[Round "2.75"]
[White "Sans Bascu, Joaquin"]
[Black "Casas Vinas, Arthur"]
[Result "1-0"]
[WhiteElo "1556"]
[BlackElo "1249"]
[PlyCount "65"]
[EventDate "2018.07.13"]
[EventType "swiss"]
[EventRounds "9"]
[EventCountry "ESP"]
[SourceTitle "Ajedrez en Madrid"]
[Source "lmi"]
[SourceDate "2018.07.13"]
[SourceVersion "1"]
[SourceVersionDate "2019.06.21"]
[SourceQuality "1"]

1. e4 c5 2. c3 d6 3. d4 cxd4 4. cxd4 Nc6 5. Bb5 a6 6. Bc4 b5 7. Bb3 e5 8. Bd5
Bd7 9. Nf3 Nf6 10. O-O Rc8 11. Bg5 Be7 12. a3 Nxd5 13. exd5 Bxg5 14. dxc6 Bxc6
15. dxe5 Bxf3 16. Qxf3 dxe5 17. Qb7 Rc1 18. Nc3 Rxf1+ 19. Rxf1 Qa5 20. Qc6+ Kd8
21. Rd1+ Ke7 22. Qd6+ Ke8 23. Qxe5+ Be7 24. Nd5 Qd8 25. Nc7+ Qxc7 26. Qxc7 f6
27. Re1 Kf7 28. Rxe7+ Kg6 29. Qg3+ Kf5 30. Qd3+ Kf4 31. Re4+ Kg5 32. Qg3+ Kf5
33. Qg4# 1-0

[Event "20. Obert Int. Sant Marti 2018 - B"]
[Site "Barcelona ESP"]
[Date "2018.07.14"]
[Round "2.76"]
[White "Del Rio Baena, Dani"]
[Black "Martin Sanchez, Antoni"]
[Result "0-1"]
[WhiteElo "1050"]
[BlackElo "1552"]
[PlyCount "136"]
[EventDate "2018.07.13"]
[EventType "swiss"]
[EventRounds "9"]
[EventCountry "ESP"]
[SourceTitle "Ajedrez en Madrid"]
[Source "lmi"]
[SourceDate "2018.07.13"]
[SourceVersion "1"]
[SourceVersionDate "2019.06.21"]
[SourceQuality "1"]

1. e4 e6 2. d4 d5 3. Nc3 Nf6 4. e5 Nfd7 5. Nf3 c5 6. Be3 Nc6 7. Bb5 cxd4 8.
Nxd4 Ncxe5 9. f4 Nc6 10. Nxc6 bxc6 11. Bxc6 Rb8 12. Rb1 Qc7 13. Bb5 Bd6 14. O-O
O-O 15. Qh5 Nf6 16. Qg5 Be7 17. Bd4 Bc5 18. Rbd1 Qb6 19. Bxc5 Qxc5+ 20. Kh1 d4
21. Rf3 Qxg5 22. fxg5 dxc3 23. gxf6 Rxb5 24. bxc3 gxf6 25. Rxf6 Bb7 26. h3 Rc5
27. Rd4 Rg5 28. Kg1 Rxg2+ 29. Kf1 Rg6 30. Rf2 Rc8 31. Rd7 Ba6+ 32. Ke1 f5 33.
Rxa7 Bc4 34. Rd2 Rg7 35. Rdd7 Rxd7 36. Rxd7 Bxa2 37. Kd2 Rc4 38. Re7 Rh4 39.
Kd3 Bc4+ 40. Kd2 Rxh3 41. Ra7 h5 42. Ra4 Rh4 43. Rb4 Kg7 44. Ke3 Rg4 45. Kf3 h4
46. Rb1 h3 47. Kf2 Rg2+ 48. Kf3 Rxc2 49. Rg1+ Kf6 50. Kg3 h2 51. Rh1 Bd5 52.
Rxh2 Rxh2 53. Kxh2 Ke5 54. Kg3 Ke4 55. Kf2 Kd3 56. Ke1 f4 57. c4 Bxc4 58. Kd1
e5 59. Ke1 e4 60. Kd1 f3 61. Ke1 e3 62. Kd1 f2 63. Kc1 e2 64. Kb2 e1=Q 65. Ka3
Bb5 66. Kb2 Qc3+ 67. Ka2 Bc4+ 68. Kb1 f1=Q# 0-1

[Event "20. Obert Int. Sant Marti 2018 - B"]
[Site "Barcelona ESP"]
[Date "2018.07.14"]
[Round "2.77"]
[White "Ayllon Barranco, Miguel"]
[Black "Minko, Aleksandr"]
[Result "1-0"]
[WhiteElo "1550"]
[BlackElo "1112"]
[PlyCount "61"]
[EventDate "2018.07.13"]
[EventType "swiss"]
[EventRounds "9"]
[EventCountry "ESP"]
[SourceTitle "Ajedrez en Madrid"]
[Source "lmi"]
[SourceDate "2018.07.13"]
[SourceVersion "1"]
[SourceVersionDate "2019.06.21"]
[SourceQuality "1"]

1. b3 e5 2. Bb2 d6 3. e4 f5 4. d3 Nf6 5. Nf3 fxe4 6. dxe4 Nxe4 7. Bd3 Nc5 8.
Bc4 Nc6 9. O-O Bg4 10. Be2 Qd7 11. c4 O-O-O 12. Nc3 g5 13. Nd5 Be7 14. a3 h5
15. b4 Ne6 16. b5 Ncd4 17. Nxd4 Nxd4 18. Bxg4 hxg4 19. Bxd4 exd4 20. Qxd4 Rh6
21. Qxa7 Qe8 22. Rfe1 Kd7 23. Qxb7 Rc8 24. Rxe7+ Qxe7 25. Nxe7 Rch8 26. Qc6+
Kxe7 27. Qxc7+ Ke6 28. Re1+ Kf6 29. Qxd6+ Kf5 30. Re5+ Kf4 31. Qd4# 1-0

[Event "20. Obert Int. Sant Marti 2018 - B"]
[Site "Barcelona ESP"]
[Date "2018.07.14"]
[Round "2.78"]
[White "Rodriguez Batuecas, Jordi"]
[Black "Pandey, Vedanshi"]
[Result "1-0"]
[WhiteElo "1543"]
[BlackElo "1075"]
[PlyCount "37"]
[EventDate "2018.07.13"]
[EventType "swiss"]
[EventRounds "9"]
[EventCountry "ESP"]
[SourceTitle "Ajedrez en Madrid"]
[Source "lmi"]
[SourceDate "2018.07.13"]
[SourceVersion "1"]
[SourceVersionDate "2019.06.21"]
[SourceQuality "1"]

1. e4 d5 2. exd5 Qxd5 3. Nc3 Qd8 4. d4 Nf6 5. Nf3 Bf5 6. Bd3 Bxd3 7. Qxd3 e6 8.
Bg5 Nbd7 9. O-O-O c5 10. d5 exd5 11. Nxd5 Qc8 12. Rhe1+ Kd8 13. Nxf6 gxf6 14.
Bxf6+ Kc7 15. Bxh8 Bh6+ 16. Kb1 Nb6 17. Be5+ Kc6 18. Qd6+ Kb5 19. Qxh6 1-0

[Event "20. Obert Int. Sant Marti 2018 - B"]
[Site "Barcelona ESP"]
[Date "2018.07.15"]
[Round "3.1"]
[White "Zaiats, Vladimir"]
[Black "Castillo Dalmau, Arnau"]
[Result "1/2-1/2"]
[WhiteElo "1943"]
[BlackElo "1862"]
[PlyCount "193"]
[EventDate "2018.07.13"]
[EventType "swiss"]
[EventRounds "9"]
[EventCountry "ESP"]
[SourceTitle "Ajedrez en Madrid"]
[Source "lmi"]
[SourceDate "2018.07.13"]
[SourceVersion "1"]
[SourceVersionDate "2019.06.21"]
[SourceQuality "1"]

1. e4 c5 2. Nf3 e6 3. d4 cxd4 4. Nxd4 a6 5. Nc3 Qc7 6. g3 Nc6 7. Bg2 Nf6 8. O-O
Nxd4 9. Qxd4 Bc5 10. Qd3 d6 11. Bf4 Nd7 12. Na4 Ne5 13. Bxe5 dxe5 14. Nxc5 Qxc5
15. Rfd1 Qc7 16. Qa3 Bd7 17. Rd2 O-O-O 18. Rd3 Bc6 19. Rad1 Rxd3 20. Qxd3 Rd8
21. Qxd8+ Qxd8 22. Rxd8+ Kxd8 23. f3 Kd7 24. Kf2 Kd6 25. Ke3 Bb5 26. b3 Kc5 27.
c3 a5 28. Kd2 b6 29. c4 Bc6 30. Kc3 Be8 31. a3 Bd7 32. Bf1 Be8 33. Bd3 Bd7 34.
Bc2 Be8 35. b4+ axb4+ 36. axb4+ Kd6 37. Kb2 Bd7 38. Ka3 Bc6 39. Kb3 Bd7 40. Kc3
Be8 41. Kd2 Bd7 42. Ke3 Be8 43. h4 Bd7 44. Bd1 Bc6 45. Bc2 Bd7 46. g4 Bc6 47.
Kf2 Bd7 48. Kg3 Bc6 49. h5 Bd7 50. Kh4 Bc6 51. h6 g6 52. c5+ bxc5 53. bxc5+ Ke7
54. Kg3 g5 55. Kf2 Bb5 56. Ke3 Kd7 57. Bb3 Kc6 58. Bd1 Kxc5 59. Bb3 Kd6 60. Kd2
Ke7 61. Bd1 Kf6 62. Kc3 Kg6 63. Kb4 Be8 64. Kc5 Kxh6 65. Kd6 Kg6 66. Kxe5 Bb5
67. Kd4 h5 68. gxh5+ Kxh5 69. Ke5 Kg6 70. Kd4 Kf6 71. Kc5 Ba6 72. Kd6 Bc4 73.
Kc5 Ba6 74. Kd4 Bf1 75. Ke3 Ke5 76. Bc2 Bc4 77. Bd1 f5 78. exf5 exf5 79. Ba4
Be6 80. Bd1 Bd7 81. Bb3 Bc8 82. Bd1 f4+ 83. Kf2 Bf5 84. Ba4 Kd4 85. Bd1 Kd5 86.
Bb3+ Kc5 87. Ba4 Kd6 88. Bd1 Kc6 89. Ba4+ Kc5 90. Bb3 Kb4 91. Bd5 Kc3 92. Bc6
Kd4 93. Ba4 Ke5 94. Bd1 Be6 95. Ba4 Bd5 96. Bd1 Kf5 97. Bc2+ 1/2-1/2

[Event "20. Obert Int. Sant Marti 2018 - B"]
[Site "Barcelona ESP"]
[Date "2018.07.15"]
[Round "3.2"]
[White "Molinero Martin, Joan"]
[Black "Corominas Garrido, Jordi"]
[Result "1-0"]
[WhiteElo "1939"]
[BlackElo "1853"]
[PlyCount "47"]
[EventDate "2018.07.13"]
[EventType "swiss"]
[EventRounds "9"]
[EventCountry "ESP"]
[SourceTitle "Ajedrez en Madrid"]
[Source "lmi"]
[SourceDate "2018.07.13"]
[SourceVersion "1"]
[SourceVersionDate "2019.06.21"]
[SourceQuality "1"]

1. e4 e6 2. d4 d5 3. e5 c5 4. c3 Nc6 5. Nf3 Qb6 6. Be2 f6 7. O-O fxe5 8. dxe5
Nge7 9. Bd3 g6 10. Na3 a6 11. Qa4 Bd7 12. Qh4 O-O-O 13. b4 Bg7 14. b5 axb5 15.
Nxb5 Bxe5 16. Rb1 Qa5 17. Nxe5 Nxe5 18. Nd6+ Kc7 19. Qxe7 Nxd3 20. Nxb7 Qxa2
21. Bg5 Rb8 22. Ra1 Qb2 23. Qd6+ Kc8 24. Nxc5 1-0

[Event "20. Obert Int. Sant Marti 2018 - B"]
[Site "Barcelona ESP"]
[Date "2018.07.15"]
[Round "3.3"]
[White "Walter Travella, German"]
[Black "Carricondo Fernandez, Vicente"]
[Result "1-0"]
[WhiteElo "1924"]
[BlackElo "1845"]
[PlyCount "149"]
[EventDate "2018.07.13"]
[EventType "swiss"]
[EventRounds "9"]
[EventCountry "ESP"]
[SourceTitle "Ajedrez en Madrid"]
[Source "lmi"]
[SourceDate "2018.07.13"]
[SourceVersion "1"]
[SourceVersionDate "2019.06.21"]
[SourceQuality "1"]

1. e4 e5 2. Nf3 Nc6 3. Bb5 a6 4. Ba4 Nf6 5. Bxc6 dxc6 6. d3 Bg4 7. h3 Bxf3 8.
Qxf3 Qd7 9. Qg3 O-O-O 10. Nc3 Qe6 11. Bd2 Bb4 12. Qf3 g6 13. a3 Ba5 14. Bg5 Rd6
15. b4 Bb6 16. Na4 Nd7 17. O-O h6 18. Be3 Bd4 19. Bxd4 exd4 20. Nb2 Rf8 21. Nc4
Ne5 22. Nxd6+ cxd6 23. Qg3 Kc7 24. f4 Nd7 25. f5 gxf5 26. Rxf5 Ne5 27. Qg7 Rd8
28. Rf6 Rg8 29. Rxe6 Rxg7 30. Rxh6 Kd7 31. Rf1 b6 32. Rh8 Kc7 33. Rf6 c5 34.
Ra8 Nd7 35. Ra7+ Kc6 36. Rf5 Ne5 37. bxc5 Kxc5 38. Rxa6 Rg8 39. Ra7 Kc6 40. a4
Rc8 41. g4 b5 42. Ra6+ Kd7 43. axb5 Rxc2 44. Rf6 Nxd3 45. Rfxd6+ Ke7 46. Rac6
Rb2 47. Rxd4 Nf4 48. Ra4 Nxh3+ 49. Kf1 Rxb5 50. Ra7+ Kf8 51. Rf6 Ng5 52. Rf5
Rb1+ 53. Ke2 Nxe4 54. Rfxf7+ Kg8 55. Rfc7 Rb8 56. g5 Ng3+ 57. Kf3 Nf1 58. Rcb7
Rc8 59. Kf4 Nd2 60. Rd7 Nc4 61. Rg7+ Kh8 62. Rh7+ Kg8 63. Rag7+ Kf8 64. Rc7
Rxc7 65. Rxc7 Nd6 66. g6 Kg8 67. Kg5 Ne8 68. Rc8 Kg7 69. Rb8 Nd6 70. Kh5 Nf5
71. Rb7+ Kg8 72. Kg5 Nd6 73. Re7 Kf8 74. Kf6 Kg8 75. Re6 1-0

[Event "20. Obert Int. Sant Marti 2018 - B"]
[Site "Barcelona ESP"]
[Date "2018.07.15"]
[Round "3.4"]
[White "Prats Safont, Sergi"]
[Black "Martin Valentin, Francisco"]
[Result "1-0"]
[WhiteElo "1918"]
[BlackElo "1787"]
[PlyCount "112"]
[EventDate "2018.07.13"]
[EventType "swiss"]
[EventRounds "9"]
[EventCountry "ESP"]
[SourceTitle "Ajedrez en Madrid"]
[Source "lmi"]
[SourceDate "2018.07.13"]
[SourceVersion "1"]
[SourceVersionDate "2019.06.21"]
[SourceQuality "1"]

1. e4 d5 2. exd5 Qxd5 3. Nf3 Nf6 4. d4 Bg4 5. Be2 c6 6. O-O e6 7. c4 Qd8 8. Nc3
Be7 9. Be3 O-O 10. h3 Bh5 11. g4 Bg6 12. Ne5 Nbd7 13. f4 h6 14. Nxg6 fxg6 15.
Qc2 g5 16. fxg5 hxg5 17. Bxg5 Qc7 18. Bf4 Bd6 19. Bxd6 Qxd6 20. Qd3 Rad8 21.
Kg2 Qb4 22. Qc2 Nb6 23. g5 Nh7 24. Rxf8+ Rxf8 25. g6 Nf6 26. b3 Qe7 27. Re1 Rd8
28. Rd1 Nbd7 29. Ne4 Nxe4 30. Qxe4 Qg5+ 31. Qg4 Qxg4+ 32. Bxg4 Nf8 33. Bh5 e5
34. d5 cxd5 35. cxd5 Rd6 36. Kf3 Nd7 37. Ke4 Kf8 38. Bg4 Ke7 39. Bxd7 Kxd7 40.
Rf1 Rxg6 41. Kxe5 Rg5+ 42. Rf5 Rg2 43. Rf7+ Kc8 44. Kd6 Rg6+ 45. Ke7 Kc7 46.
Rf2 Rg3 47. d6+ Kb6 48. Rd2 Re3+ 49. Kf7 Rf3+ 50. Kxg7 Rg3+ 51. Kf6 Rf3+ 52.
Kg5 Rg3+ 53. Kf4 Rg8 54. d7 Kc7 55. d8=Q+ Rxd8 56. Rxd8 Kxd8 1-0

[Event "20. Obert Int. Sant Marti 2018 - B"]
[Site "Barcelona ESP"]
[Date "2018.07.15"]
[Round "3.5"]
[White "Elizondo Marquet, Juan Marcos"]
[Black "Morais Carreras, Javier"]
[Result "0-1"]
[WhiteElo "1767"]
[BlackElo "1913"]
[PlyCount "100"]
[EventDate "2018.07.13"]
[EventType "swiss"]
[EventRounds "9"]
[EventCountry "ESP"]
[SourceTitle "Ajedrez en Madrid"]
[Source "lmi"]
[SourceDate "2018.07.13"]
[SourceVersion "1"]
[SourceVersionDate "2019.06.21"]
[SourceQuality "1"]

1. e4 e5 2. Nf3 Nf6 3. d4 Nxe4 4. Bd3 d5 5. Nxe5 Nd7 6. Nxd7 Bxd7 7. O-O Bd6 8.
Qh5 Nf6 9. Re1+ Be7 10. Qe2 Be6 11. Bf4 O-O 12. Nd2 h6 13. Rad1 Bd6 14. Be5 Ng4
15. Bxd6 Qxd6 16. Nf3 Rae8 17. Qd2 Nf6 18. Ne5 Bg4 19. f3 Bc8 20. Qf2 Nd7 21.
f4 a6 22. c4 dxc4 23. Bxc4 Nf6 24. f5 Nd5 25. Bxd5 Qxd5 26. f6 g6 27. Qg3 Kh7
28. a3 Bf5 29. Qf2 Qd6 30. Rc1 c6 31. Nc4 Qxf6 32. Qf4 Qg5 33. Qxg5 hxg5 34.
Nd6 Rd8 35. Nxb7 Rxd4 36. Rxc6 Be4 37. Rc7 Kh6 38. Nc5 Bd5 39. Re2 Rd1+ 40. Kf2
Bc4 41. Rc2 Rf1+ 42. Kg3 Re8 43. h3 Re3+ 44. Kh2 Bd5 45. Nxa6 Ree1 46. Nb4 Be4
47. Rd2 f5 48. Nd3 Bxd3 49. Rxd3 f4 50. g4 Rf2# 0-1

[Event "20. Obert Int. Sant Marti 2018 - B"]
[Site "Barcelona ESP"]
[Date "2018.07.15"]
[Round "3.6"]
[White "Nadal Fajardo, Ricard"]
[Black "Diaz Rendon, Nicoll"]
[Result "1-0"]
[WhiteElo "1894"]
[BlackElo "1760"]
[PlyCount "105"]
[EventDate "2018.07.13"]
[EventType "swiss"]
[EventRounds "9"]
[EventCountry "ESP"]
[SourceTitle "Ajedrez en Madrid"]
[Source "lmi"]
[SourceDate "2018.07.13"]
[SourceVersion "1"]
[SourceVersionDate "2019.06.21"]
[SourceQuality "1"]

1. c4 e5 2. Nc3 c5 3. g3 g6 4. Bg2 Bg7 5. e3 Nc6 6. Nge2 Nge7 7. Nd5 Nxd5 8.
cxd5 Nb4 9. d3 d6 10. a3 Na6 11. O-O O-O 12. Rb1 Bd7 13. b3 Nc7 14. Bb2 Bb5 15.
f4 Qe7 16. e4 Rae8 17. f5 Qg5 18. Bc1 Qe7 19. Be3 h6 20. Qd2 g5 21. g4 f6 22.
b4 b6 23. Nc3 Bd7 24. bxc5 dxc5 25. Rfc1 Ra8 26. a4 Rfc8 27. Qa2 Na6 28. d6+
Qf7 29. Nd5 Kh8 30. Qc4 Nb4 31. Nxb6 Qxc4 32. Nxc4 Bxa4 33. Bf1 Bc2 34. Rxb4
cxb4 35. Rxc2 a5 36. d7 Rd8 37. Nb6 b3 38. Rb2 Rab8 39. Rxb3 Rxd7 40. Ra3 Rdb7
41. Nc4 Bf8 42. Rxa5 Kg7 43. d4 exd4 44. Bxd4 Rd7 45. Be3 Re8 46. e5 fxe5 47.
Nxe5 Rd6 48. Nc4 Rd7 49. Ra6 Kh7 50. Rc6 Re4 51. h3 Rde7 52. f6 Rf7 53. Bd3 1-0

[Event "20. Obert Int. Sant Marti 2018 - B"]
[Site "Barcelona ESP"]
[Date "2018.07.15"]
[Round "3.7"]
[White "Pereda Villalba, Julian"]
[Black "Poyato Ruiz, Fernando"]
[Result "1/2-1/2"]
[WhiteElo "1669"]
[BlackElo "1894"]
[PlyCount "113"]
[EventDate "2018.07.13"]
[EventType "swiss"]
[EventRounds "9"]
[EventCountry "ESP"]
[SourceTitle "Ajedrez en Madrid"]
[Source "lmi"]
[SourceDate "2018.07.13"]
[SourceVersion "1"]
[SourceVersionDate "2019.06.21"]
[SourceQuality "1"]

1. d4 e6 2. Nf3 Nf6 3. Nbd2 d5 4. e3 c5 5. dxc5 Bxc5 6. c3 Nc6 7. Be2 O-O 8.
O-O Bd7 9. Bd3 e5 10. e4 Bg4 11. h3 Bh5 12. Qc2 d4 13. Nb3 Bb6 14. g4 Bg6 15.
Bg5 Rc8 16. Qd2 dxc3 17. bxc3 Qd6 18. Qe2 h6 19. Bh4 Bh7 20. Bg3 Rfd8 21. Rad1
Qe7 22. Kg2 Rd6 23. Bc2 Rcd8 24. Rxd6 Rxd6 25. Nbd2 Bc7 26. Rb1 Bb8 27. Qe3 Rd8
28. Nb3 Nd7 29. Bh4 f6 30. Bg3 a6 31. Nbd2 Ba7 32. Qe2 Nc5 33. Re1 b5 34. Nh4
g5 35. Nf5 Bxf5 36. exf5 Kg7 37. Nb3 Na4 38. Qf3 Qc7 39. Be4 Na5 40. Nxa5 Qxa5
41. Rd1 Qc7 42. Rxd8 Qxd8 43. Bc2 Nc5 44. Qc6 Qd7 45. Qxd7+ Nxd7 46. f3 Bb6 47.
Be1 Ba5 48. Kf1 Kf7 49. Ke2 Ke7 50. Bb3 Kd6 51. Kd3 Nb6 52. Bf2 Nd5 53. Bxd5
Kxd5 54. Ba7 Bc7 55. Be3 Bd6 56. Bb6 Be7 57. Ba5 1/2-1/2

[Event "20. Obert Int. Sant Marti 2018 - B"]
[Site "Barcelona ESP"]
[Date "2018.07.15"]
[Round "3.8"]
[White "Saxena, Anshul"]
[Black "Melnik, Alexander"]
[Result "1/2-1/2"]
[WhiteElo "1647"]
[BlackElo "1882"]
[PlyCount "59"]
[EventDate "2018.07.13"]
[EventType "swiss"]
[EventRounds "9"]
[EventCountry "ESP"]
[SourceTitle "Ajedrez en Madrid"]
[Source "lmi"]
[SourceDate "2018.07.13"]
[SourceVersion "1"]
[SourceVersionDate "2019.06.21"]
[SourceQuality "1"]

1. e4 c6 2. d4 d5 3. Nc3 dxe4 4. Nxe4 Bf5 5. Ng3 Bg6 6. Nf3 e6 7. Bd3 Bxd3 8.
Qxd3 Nf6 9. O-O Be7 10. a3 O-O 11. Rd1 Qc7 12. Ne2 Bd6 13. c4 Rd8 14. Qc2 c5
15. dxc5 Qxc5 16. b4 Qh5 17. Bf4 Be7 18. Rxd8+ Bxd8 19. Rd1 Nc6 20. Ng3 Qg4 21.
Qd2 Bb6 22. h3 Qg6 23. Nh4 Ne4 24. c5 Nxd2 25. Nxg6 hxg6 26. Rxd2 e5 27. Be3
Bc7 28. Rd7 Rc8 29. b5 Nb8 30. Rd1 1/2-1/2

[Event "20. Obert Int. Sant Marti 2018 - B"]
[Site "Barcelona ESP"]
[Date "2018.07.15"]
[Round "3.9"]
[White "Vargas Drechsler, Carlos"]
[Black "Brufau Devesa, Eduard"]
[Result "1/2-1/2"]
[WhiteElo "1871"]
[BlackElo "1714"]
[PlyCount "102"]
[EventDate "2018.07.13"]
[EventType "swiss"]
[EventRounds "9"]
[EventCountry "ESP"]
[SourceTitle "Ajedrez en Madrid"]
[Source "lmi"]
[SourceDate "2018.07.13"]
[SourceVersion "1"]
[SourceVersionDate "2019.06.21"]
[SourceQuality "1"]

1. e4 e5 2. Nf3 Nf6 3. Nxe5 d6 4. Nf3 Nxe4 5. Nc3 Nxc3 6. dxc3 Be7 7. Bf4 Nc6
8. Qd2 Be6 9. Nd4 Nxd4 10. cxd4 d5 11. Bd3 Qd7 12. O-O O-O 13. Rae1 Bd6 14.
Bxd6 Qxd6 15. f4 f5 16. Re5 Rae8 17. Rfe1 g6 18. R1e2 Bf7 19. Qe1 Qd8 20. Qg3
Rxe5 21. Rxe5 Kh8 22. Qe1 Re8 23. Qb4 b6 24. Bb5 Re6 25. Rxe6 Bxe6 26. Qe1 Qd6
27. Qe5+ Qxe5 28. fxe5 g5 29. b3 c5 30. c3 h5 31. Kf2 Kg7 32. g3 Kh6 33. Ke3
Kg6 34. Be8+ Kh6 35. Kd3 h4 36. Ke3 h3 37. Bb5 Kh5 38. Be2+ Kg6 39. a3 a5 40.
Bd3 Kh5 41. Bf1 Kg6 42. b4 cxb4 43. cxb4 Bd7 44. Bd3 Kh5 45. Ba6 Be6 46. Bb7
Kg4 47. Ba6 f4+ 48. gxf4 gxf4+ 49. Kf2 Kg5 50. Bd3 Bg4 51. Bh7 Be6 1/2-1/2

[Event "20. Obert Int. Sant Marti 2018 - B"]
[Site "Barcelona ESP"]
[Date "2018.07.15"]
[Round "3.10"]
[White "Hovakimyan, Narek"]
[Black "Cano Vila, Eduard"]
[Result "1-0"]
[WhiteElo "1868"]
[BlackElo "1694"]
[PlyCount "105"]
[EventDate "2018.07.13"]
[EventType "swiss"]
[EventRounds "9"]
[EventCountry "ESP"]
[SourceTitle "Ajedrez en Madrid"]
[Source "lmi"]
[SourceDate "2018.07.13"]
[SourceVersion "1"]
[SourceVersionDate "2019.06.21"]
[SourceQuality "1"]

1. e4 d6 2. d4 Nf6 3. Nc3 Nbd7 4. Nf3 e5 5. Bc4 h6 6. O-O Be7 7. h3 c6 8. a4 a5
9. Re1 Qc7 10. dxe5 dxe5 11. Be3 Nf8 12. Nd2 g5 13. Be2 Ng6 14. Nc4 Be6 15. Bb6
Qb8 16. Nxa5 Nd7 17. Nxc6 bxc6 18. a5 Nxb6 19. axb6 Rxa1 20. Qxa1 Qxb6 21. Qa8+
Bd8 22. Rd1 O-O 23. Na4 Qc7 24. Nc5 Qb6 25. Nxe6 fxe6 26. Bf3 Qxf2+ 27. Kxf2
Bb6+ 28. Ke1 Rxa8 29. Rd6 Rc8 30. Bg4 Ba5+ 31. c3 Kf8 32. Rxe6 Nh4 33. Rxh6
Nxg2+ 34. Kf2 Kg7 35. Bxc8 Kxh6 36. Kxg2 c5 37. Kf3 Kg6 38. Ke3 Bd8 39. Kd3 Kf6
40. Kc4 Be7 41. Kd5 Bf8 42. Bg4 Be7 43. Bd1 Bf8 44. c4 Be7 45. b4 cxb4 46. c5
Bd8 47. c6 Ke7 48. Kxe5 Kf8 49. Kd6 Ke8 50. c7 Bxc7+ 51. Kxc7 Ke7 52. Bb3 Kf6
53. Kd6 1-0

[Event "20. Obert Int. Sant Marti 2018 - B"]
[Site "Barcelona ESP"]
[Date "2018.07.15"]
[Round "3.11"]
[White "Valbuena Castro, Gregorio"]
[Black "Valarezzo Ricard, Pedro"]
[Result "0-1"]
[WhiteElo "1646"]
[BlackElo "1866"]
[PlyCount "54"]
[EventDate "2018.07.13"]
[EventType "swiss"]
[EventRounds "9"]
[EventCountry "ESP"]
[SourceTitle "Ajedrez en Madrid"]
[Source "lmi"]
[SourceDate "2018.07.13"]
[SourceVersion "1"]
[SourceVersionDate "2019.06.21"]
[SourceQuality "1"]

1. e4 d5 2. e5 c5 3. b4 cxb4 4. d4 Nc6 5. a3 e6 6. axb4 Bxb4+ 7. c3 Be7 8. Nf3
Bd7 9. Bd3 a6 10. Qc2 Rc8 11. Bxh7 Nb4 12. Qd1 Rxh7 13. cxb4 Bxb4+ 14. Bd2
Bxd2+ 15. Nbxd2 Bb5 16. Rc1 Ne7 17. Nb3 Rxc1 18. Qxc1 Nc6 19. Qc3 Qb6 20. Nfd2
Bc4 21. Nxc4 dxc4 22. Qc2 Qb4+ 23. Nd2 Rh4 24. O-O Nxd4 25. Qa2 c3 26. Nf3
Nxf3+ 27. gxf3 Qf4 0-1

[Event "20. Obert Int. Sant Marti 2018 - B"]
[Site "Barcelona ESP"]
[Date "2018.07.15"]
[Round "3.12"]
[White "Santos Ramos, Carlos"]
[Black "Sarrate Presas, Jordi"]
[Result "1-0"]
[WhiteElo "1866"]
[BlackElo "1648"]
[PlyCount "61"]
[EventDate "2018.07.13"]
[EventType "swiss"]
[EventRounds "9"]
[EventCountry "ESP"]
[SourceTitle "Ajedrez en Madrid"]
[Source "lmi"]
[SourceDate "2018.07.13"]
[SourceVersion "1"]
[SourceVersionDate "2019.06.21"]
[SourceQuality "1"]

1. d4 d5 2. Nf3 Nf6 3. Bf4 c5 4. e3 Nc6 5. c3 Qb6 6. Qc2 Bf5 7. dxc5 Bxc2 8.
cxb6 axb6 9. Nbd2 Nd7 10. Bb5 f6 11. Nd4 Nd8 12. Nxc2 e5 13. Bxd7+ Kxd7 14. Bg3
Ne6 15. O-O Nc5 16. Nb4 Ke6 17. f4 Bd6 18. f5+ Kd7 19. Nxd5 Kc6 20. Nb4+ Kc7
21. Nc4 Rhd8 22. Nd5+ Kc6 23. Ndxb6 Ra6 24. Nxd6 Rxd6 25. Nc4 Rd8 26. b4 Ne4
27. a4 Raa8 28. Na5+ Kc7 29. Rfd1 Nxc3 30. Rdc1 Rd3 31. Be1 1-0

[Event "20. Obert Int. Sant Marti 2018 - B"]
[Site "Barcelona ESP"]
[Date "2018.07.15"]
[Round "3.13"]
[White "Esteban Lupianez, Jose Miguel"]
[Black "Cassi De La Viuda, Alex"]
[Result "1-0"]
[WhiteElo "1735"]
[BlackElo "1489"]
[PlyCount "146"]
[EventDate "2018.07.13"]
[EventType "swiss"]
[EventRounds "9"]
[EventCountry "ESP"]
[SourceTitle "Ajedrez en Madrid"]
[Source "lmi"]
[SourceDate "2018.07.13"]
[SourceVersion "1"]
[SourceVersionDate "2019.06.21"]
[SourceQuality "1"]

1. e4 c5 2. Nf3 a6 3. d4 cxd4 4. Nxd4 e5 5. Nf3 Nf6 6. Bd3 Nc6 7. O-O Be7 8.
Nc3 O-O 9. h3 d6 10. Be3 b5 11. Ne2 Nb4 12. a3 Nxd3 13. cxd3 Bb7 14. Ng3 d5 15.
Nf5 dxe4 16. dxe4 Re8 17. Nd2 Bxe4 18. Nxe4 Nxe4 19. f3 Nf6 20. Qe1 Qc8 21. g4
Bc5 22. Rc1 Bxe3+ 23. Qxe3 Qe6 24. Qg5 g6 25. Rcd1 Rad8 26. Rfe1 Kh8 27. Rxd8
Rxd8 28. Nh6 Re8 29. Rxe5 Qb6+ 30. Kg2 Rc8 31. Re2 Kg7 32. Nf5+ Kh8 33. Ne7 Rc5
34. Qe3 Qd6 35. Rd2 Qe5 36. Qxe5 Rxe5 37. Nc6 Rd5 38. Rc2 Kg7 39. h4 h5 40. g5
Nd7 41. Nb4 Rd6 42. Rc6 Rxc6 43. Nxc6 f6 44. f4 Kf7 45. Nb4 Nb8 46. Kf3 Ke6 47.
gxf6 Kxf6 48. Nd5+ Kf5 49. Ne3+ Ke6 50. Ke4 Nd7 51. f5+ gxf5+ 52. Nxf5 Nf6+ 53.
Kf4 Kd5 54. b3 a5 55. Kg5 Ke5 56. Ng3 a4 57. bxa4 bxa4 58. Nxh5 Nxh5 59. Kxh5
Kd4 60. Kg6 Kc3 61. h5 Kb3 62. h6 Kxa3 63. h7 Ka2 64. h8=Q a3 65. Qh2+ Ka1 66.
Qg1+ Ka2 67. Qf2+ Ka1 68. Qe1+ Ka2 69. Qd2+ Ka1 70. Qc1+ Ka2 71. Qd2+ Ka1 72.
Qc1+ Ka2 73. Qc2+ Ka1 1-0